BSOP header

Praying together : (Record no. 55450)

MARC details
000 -LEADER
fixed length control field 00921cam a22002898i 4500
001 - CONTROL NUMBER
control field 38392361
005 - DATE AND TIME OF LATEST TRANSACTION
control field 20260227145436.0
008 - FIXED-LENGTH DATA ELEMENTS--GENERAL INFORMATION
fixed length control field 960527s1996 at b 000 0 eng d
020 ## - INTERNATIONAL STANDARD BOOK NUMBER
International Standard Book Number 1876794402
035 ## - SYSTEM CONTROL NUMBER
System control number (OCoLC)ocm38392361
035 ## - SYSTEM CONTROL NUMBER
System control number 498777
040 ## - CATALOGING SOURCE
Original cataloging agency AUT
Language of cataloging eng
Description conventions rda
Transcribing agency AUT
049 ## - LOCAL HOLDINGS (OCLC)
Holding library PTSS
100 1# - MAIN ENTRY--PERSONAL NAME
Personal name Harkness, Allan.
245 10 - TITLE STATEMENT
Title Praying together :
Remainder of title equipping small groups to grow their prayer potential /
Statement of responsibility, etc by Allan Harkness.
264 #1 - PRODUCTION, PUBLICATION, DISTRIBUTION, MANUFACTURE STATEMENTS
Place of production, publication, distribution, manufacture Newton, Wellington :
Name of producer, publisher, distributor, manufacturer <a href="Scripture Union Australia and Joint Board of Christian Education,">Scripture Union Australia and Joint Board of Christian Education,</a>
Date of production, publication, distribution, manufacture c1996.
300 ## - PHYSICAL DESCRIPTION
Extent 96 pages ;
Dimensions 22 cm
336 ## - CONTENT TYPE
Content Type Term text
Content Type Code txt
Source rdacontent.
337 ## - MEDIA TYPE
Media Type Term unspecified
Media Type Code z
Source rdamedia.
338 ## - CARRIER TYPE
Carrier Type Term unspecified
Carrier Type Code zu
Source rdacarrier.
504 ## - BIBLIOGRAPHY, ETC. NOTE
Bibliography, etc Bibliography.
650 #0 - SUBJECT ADDED ENTRY--TOPICAL TERM
Topical term or geographic name as entry element Prayer groups.
650 #0 - SUBJECT ADDED ENTRY--TOPICAL TERM
Topical term or geographic name as entry element Prayer.
710 2# - ADDED ENTRY--CORPORATE NAME
Corporate name or jurisdiction name as entry element Scripture Union Australia.
710 2# - ADDED ENTRY--CORPORATE NAME
Corporate name or jurisdiction name as entry element Joint Board of Christian Education.
942 ## - ADDED ENTRY ELEMENTS (KOHA)
Source of classification or shelving scheme Library of Congress Classification
Item type Books
Holdings
Withdrawn status Lost status Source of classification or shelving scheme Damaged status Not for loan Home library Current library Shelving location Date acquired Inventory number Total Checkouts Full call number Barcode Date last seen Price effective from Koha item type
    Library of Congress Classification     BSOP Library BSOP Library GC 02/27/2026 50439   PB5.209 H22 1996 00062946 02/27/2026 02/27/2026 Books
BSOP

Biblical Seminary of the Philippines
  All rights Reserved
  © 2024

CONTACT INFORMATION

Biblical Seminary of the Philippines,
  77-B Karuhatan Road, Valenzuela City,
  PHILIPPINES 1441
  Phone: +632 8292-6795 / 8292-6798
  Fax : +632 8292-6675
  Email: library@bsop.edu.ph